[Event "Muensterland Verbandsliga Gr2 2223"]
[Site "Germany"]
[Date "2022.09.10"]
[Round "1.3"]
[White "Pinno, Gregor"]
[Black "Brands, Julian"]
[Result "1/2-1/2"]
[WhiteElo "1917"]
[BlackElo "1763"]
[PlyCount "51"]
[EventDate "2022.09.10"]
[EventType "team-tourn"]
[EventRounds "5"]
[EventCountry "GER"]
[SourceTitle "EXT 2024"]
[Source "ChessBase"]
[SourceDate "2023.10.10"]
[SourceVersion "1"]
[SourceVersionDate "2023.10.10"]
[SourceQuality "1"]
[WhiteTeam "Olfen"]
[BlackTeam "Gescher"]
[WhiteTeamCountry "GER"]
[BlackTeamCountry "GER"]

1. e4 c5 2. Nf3 d6 3. g3 g6 4. Bg2 Bg7 5. 0-0 Nc6 6. c3 Nf6 7. Re1 0-0 8. d4 cxd4 9. cxd4 e5 10. d5 Ne7 11. a4 Ne8 12. Nc3 f5 13. Nd2 fxe4 14. Ndxe4 Bf5 15. a5 a6 16. Qb3 Rb8 17. Be3 Qd7 18. Na4 Bxe4 19. Bxe4 Nf5 20. Nb6 Qf7 21. Rac1 Nf6 22. f3 Nxe3 23. Qxe3 Nxe4 24. fxe4 Bh6 25. Qxh6 Qf2+ 26. Kh1 1/2-1/2

[Event "Muensterland Verbandsliga 1819"]
[Site "Germany"]
[Date "2019.01.26"]
[Round "6.7"]
[White "Brands, Julian"]
[Black "Boerger, Andreas"]
[Result "1/2-1/2"]
[WhiteElo "1699"]
[BlackElo "1766"]
[PlyCount "124"]
[EventDate "2018.09.01"]
[EventType "team-tourn"]
[EventRounds "9"]
[EventCountry "GER"]
[SourceTitle "EXT 2020"]
[Source "ChessBase"]
[SourceDate "2019.10.17"]
[SourceVersion "1"]
[SourceVersionDate "2019.10.17"]
[SourceQuality "1"]
[WhiteTeam "Gescher"]
[BlackTeam "Muenster IV"]
[WhiteTeamCountry "GER"]
[BlackTeamCountry "GER"]

1. e4 e6 2. d3 d5 3. Nc3 Bb4 4. Bd2 d4 5. Nce2 Bc5 6. g3 Nc6 7. Bg2 Nf6 8. h3 Bd7 9. f4 Qe7 10. Nf3 h6 11. a3 Bb6 12. g4 h5 13. g5 Nh7 14. h4 e5 15. fxe5 Bg4 16. Bf4 Nf8 17. Nh2 Bxe2 18. Qxe2 Ng6 19. Bg3 Ncxe5 20. Bh3 c5 21. 0-0 Bc7 22. Qf2 Bd6 23. Rae1 Kf8 24. Bf5 Kg8 25. Nf3 Ng4 26. Bxd6 Qxd6 27. Bxg4 hxg4 28. Nh2 Rxh4 29. Qxf7+ Kh7 30. e5 Qe7 31. Rf6 Qxf7 32. Rxf7 Re8 33. Rxb7 Nxe5 34. Re4 Rh3 35. Kg2 Re3 36. Nxg4 Nxg4 37. Rxg4 Re2+ 38. Kh3 R8e3+ 39. Rg3 Rxc2 40. Rxa7 Rxb2 41. Rc7 Rb3 42. a4 Rxg3+ 43. Kxg3 Rxd3+ 44. Kf2 Ra3 45. Rxc5 Rxa4 46. Ke2 Kg6 47. Rd5 Kh5 48. Kf3 g6 49. Kg3 Ra3+ 50. Kf4 d3 51. Rd8 Ra4+ 52. Kf3 Ra3 53. Kf4 Ra4+ 54. Kf3 Kxg5 55. Rxd3 Kh4 56. Rd6 Ra3+ 57. Kg2 g5 58. Rh6+ Kg4 59. Rg6 Ra2+ 60. Kg1 Kh4 61. Rc6 g4 62. Rc3 g3 1/2-1/2